[Event "GRENKE Chess Open 2016"]
[Site "Karlsruhe"]
[Date "2016.03.27"]
[Round "7"]
[White "Vogel, Roven"]
[Black "Charmeteau, Sven"]
[Result "1/2-1/2"]
[WhiteElo "2427"]
[BlackElo "2271"]
[Annotator "Sven Charmeteau"]
[PlyCount "158"]
[EventDate "2016.??.??"]
[EventCountry "GER"]
[SourceDate "2015.04.14"]

1. e4 c5 2. Nf3 Nc6 3. Bb5 e6 4. O-O Nge7 5. Re1 Nd4 6. Nxd4 cxd4 7. d3 a6 8.
Ba4 b5 9. Bb3 Nc6 10. Qg4 Na5 (10... Bb7 11. Nd2 h5 12. Qg3 h4 13. Qg4 Ne5 $1)
11. Nd2 Nxb3 12. Nxb3 e5 13. Qg3 d6 14. f4 f6 15. c3 dxc3 16. bxc3 Ra7 {
Die Stellung ist schon schwer, ich entscheide mich, ein Bauern zu opfern, um
alle meine Figuren raus zu kriegen.} (16... Be6 17. Ba3 h5 18. d4 h4 19. Qf2 h3
20. g3 Qb6 $11) 17. d4 Rf7 18. fxe5 (18. a4 $1 bxa4 19. Rxa4 Be7 20. f5 $14)
18... dxe5 19. dxe5 fxe5 20. Qxe5+ Be7 21. Ba3 O-O 22. Rad1 Qb6+ 23. Bc5 Bxc5+
24. Qxc5 ({Mit dem Springer rausnehmen führt forcierend zum Remis.} 24. Nxc5
Rc7 25. Rd5 Bb7 26. Qe6+ Qxe6 27. Nxe6 Bxd5 28. Nxc7 Bb7 $11) 24... Qg6 {
Es war mir klar, dass ich genug Kompensation für den Bauern habe. Ich habe
nämlich die bessere Struktur, den Läufer in einer offenen Stellung, die
Türme stehen auch optimal.} 25. Rd2 (25. Rd3 Bb7 26. Nd2 $11) 25... Bb7 (25...
Qf6 26. Rdd1 (26. Kh1 $2 Qxc3 $15) 26... Bg4 27. Ra1 Qg6 $15 {Es hat sich
nicht viel getan, aber Weiß musste ein Turm verschlechtern.}) 26. e5 (26. Rde2
$11) 26... Rf4 27. e6 (27. Qd6 Qf5 28. h3 $11) 27... Re4 $1 {Der einzige Zug,
aber ein starker!} ({Ursprünglich dachte ich, dass ich hier gewinne. Aber
dann habe ich die folgende Abwicklung gesehen.} 27... Rg4 $4 28. Qxf8+ Kxf8 29.
e7+ $18) 28. Rxe4 Qxe4 29. h3 Qe1+ (29... h6 $1 30. e7 Qe1+ 31. Kh2 Rf1 32. Rf2
Rxf2 33. e8=Q+ Qxe8 34. Qxf2 Bd5 $15) 30. Kh2 Qxe6 (30... h6 $1 {hatte ich gar
nicht berücksichtigt!} 31. e7 Rf1 32. Rf2 Rxf2 33. e8=Q+ Qxe8 34. Qxf2 Bd5 $15
) 31. Qg5 h6 32. Qg3 Qf5 33. Rd6 $4 Rf7 $4 {Mit wenig Zeit kommen Fehler.
Meine Absicht war folgender Trick: auf 34.Txh6 kommt 34...Lxg2!, was
eigentlich jetzt schon ging, bloß ich hatte auf Dxg2 nur Df4+ gesehen, und
nicht De5!} (33... Bxg2 $1 34. Qg4 (34. Qxg2 Qe5+ 35. Qg3 Rf2+ $19) 34... Qf1
35. Rd1 Bxh3 36. Rxf1 Bxg4 $19) 34. Nd4 (34. Rxh6 $2 Bxg2 $1 35. Rd6 (35. Qxg2
Qf4+ $19) (35. Kxg2 Qf1+ 36. Kh2 Rf2+ $19) 35... Bd5 $17) 34... Qf1 35. Qg6 (
35. Nc6 Bxc6 (35... Qb1 $2 36. Rxh6) 36. Rxc6 Rf6 37. Rc7 Rf7 $11) 35... Qf4+
36. Qg3 $6 (36. Kg1 {In dem Fall hätte ich Dauerschach gemacht.} Qf2+ 37. Kh2
Qf4+ $11) 36... Qxg3+ 37. Kxg3 Rc7 {Jetzt stehe ich sogar leicht besser, wegen
den weißen schwachen Bauern, aber auch weil Turm und Läufer besser als Turm
und Springer arbeiten.} 38. Ne2 Re7 39. Rd2 Bd5 40. Nd4 {Mein Gegner wusste,
dass er schlechter stand. Aber wahrscheinlich wollte er mich in dieses
Endspiel auf die Probe stellen.} (40. Rxd5 Rxe2 41. a4 bxa4 42. Ra5 Rc2 43.
Rxa4 Rxc3+ 44. Kf4 Rc6 $11) 40... Bc4 41. Nf5 Rc7 42. Kf4 Be6 43. Nd4 Bf7 44.
Ne2 Rc4+ 45. Ke5 Ra4 46. Nc1 {Hier sollte für mich nichts mehr schief gehen,
und ich kann einfach weiter Druck machen.} Ra3 47. Kd4 Kh7 48. Nb3 Ra4+ (48...
Bxb3 49. axb3 Rxb3 50. Ra2 $11) 49. Ke5 Rc4 50. Rd3 Bg6 51. Re3 Ra4 52. Re2 Bd3
53. Rd2 $6 (53. Rb2 Bc4 $15) 53... Bb1 {Ein bisschen was habe ich erreicht.}
54. Nc1 Re4+ $1 55. Kd5 Rc4 $1 {Weiß kann nicht c3 und g2 verteidigen.} 56.
Ne2 (56. Nb3 Rxc3 57. Rb2 Bg6 $17) 56... Be4+ 57. Ke5 Bxg2 58. Nf4 Bc6 59. Rd3
Re4+ 60. Kd6 (60. Kf5 Re1 61. Kg4 Ra1 62. Rd2 Rc1 63. Ne2 Rf1 64. Nd4 Bd7+ 65.
Kg3 Rh1 $19) 60... Rxf4 61. Kxc6 Ra4 62. Rd2 Kg6 63. Rg2+ Kf6 64. Kd5 g5 65.
Re2 Kg6 66. Ke5 Kh5 67. Rd2 Kh4 $6 {In schwerem Zeitnot verliere ich den Faden,
und bin mir nicht mehr sicher, ob es noch gewonnen ist.} (67... Ra3 68. Rd6
Rxc3 69. Rxa6 Rxh3 $19) 68. Rd4+ Rxd4 69. cxd4 Kxh3 70. d5 g4 71. d6 g3 72. d7
g2 73. d8=Q g1=Q 74. Qc8+ Qg4 (74... Kh2 75. Qxa6 Qg5+ 76. Kd4 h5 77. Qd6+ Qg3
$19) 75. Qxa6 h5 76. Qa8 Kh2 77. Kf6 h4 78. Qb8+ Kg2 79. Qxb5 Qf3+ $6 {Und
nach noch vielen Züge, wo Weiß immer hin und wieder Schach gibt mache ich
Remis mit wenigen Sekunden auf die Uhr, dank der G4-FIDE-Regel für den
Bronstein-Modus.} (79... h3 $1 $19) 1/2-1/2

[Event "Accentus Young Masters"]
[Site "Bad Ragaz"]
[Date "2016.04.07"]
[Round "2.4"]
[White "Bluebaum, Matthias"]
[Black "Gledura, Benjamin"]
[Result "1-0"]
[WhiteElo "2628"]
[BlackElo "2550"]
[Annotator "Matthias Krallmann"]
[PlyCount "119"]
[EventDate "2016.??.??"]
[SourceDate "2015.04.14"]

1. d4 Nf6 2. c4 g6 3. Nc3 d5 4. Bg5 Bg7 5. Bxf6 {Das ist Matthias' aktuelle
Variante gegen Grünfeld-Indisch. Vor wenigen Wochen hatte er in Moskau mit
dieser Variante den starken Polen Dariusz Swiercz in Verlegenheit gebracht.
Weiß war in Vorteil gekommen, aber Schwarz hatte sich erfolgreich verteidigt.}
Bxf6 6. cxd5 c5 7. Nf3 cxd4 8. Nxd4 Qb6 9. Nb3 O-O 10. Qd2 {Diagramm [#]} Bf5
$146 {Der junge Anand-Bezwinger vom Gibraltar-Open bringt eine theoretische
Neuerung.} (10... a5 11. Rd1 Rd8 12. e4 a4 13. Nd4 Nc6 14. Ndb5 a3 15. Nxa3
Rxa3 16. bxa3 Nd4 17. Bd3 Qc5 18. O-O Qxa3 19. Nb5 Nxb5 20. Bxb5 h5 21. Qe2 Be5
22. f4 Bg4 23. Qf2 Bb8 24. Rd3 Qa5 25. Qb2 Rc8 26. h3 Qb6+ 27. Kh1 Bd7 28. Rb3
Bxb5 29. Rxb5 Qe3 30. e5 Qd3 31. Qb1 Rc2 32. Rxb7 Qe2 33. Rxb8+ Kh7 34. Rg1 Rc3
35. Rb3 Rc2 36. Qd1 Qf2 37. Rf3 Qc5 38. d6 exd6 39. exd6 {1-0 Al Sayed,M (2520)
-Darini,P (2501)/Al Ain 2015/CBM 167 Extra}) (10... Rd8 11. g3 a5 12. Bg2 a4
13. Nc1 a3 14. Rb1 axb2 15. Rxb2 Qd4 16. Qxd4 Bxd4 17. Rb3 Nd7 18. e3 Bg7 19.
Nd3 Nb6 20. Nb4 Nc4 21. Nb1 Bf5 22. e4 Bd7 23. O-O Ba4 24. Rd3 Nb2 25. Rd2 Nc4
26. Rd3 Nb2 27. Rd2 Nc4 {1/2-1/2 Boruchovsky,A (2517)-Greenfeld,A (2544)/
Tortoreto 2015/ CBM 166 Extra}) 11. e3 Na6 12. Bxa6 Qxa6 13. Nd4 Bd3 14. O-O-O
{Dieser Zug leitet eine forcierte Abwicklung in ein besseres Turmendspiel ein.}
Bxd4 15. Qxd3 Bxc3 16. Qxa6 Bxb2+ 17. Kxb2 bxa6 {Diagramm [#] Diagramm # In
diesem Endspiel verfügt der Anziehende über zwei Vorteile: 1. Weiß hat die
bessere Bauernstruktur und kann in der d-Linie einen Freibauern bilden 2. Weiß
verfügt über die leicht aktiveren Figuren. Die Aktivität des Königs wird im
weiteren Verlauf noch eine wichtige Rolle spielen.} 18. Rd3 Rab8+ 19. Rb3 Rb6
20. e4 f5 (20... Rd8 21. Rd1 Kf8 (21... e6 $2 22. Rxb6 axb6 23. dxe6 Rxd1 24.
e7) 22. Rxb6 axb6 23. e5 Ke8 24. f4 Rc8 {wäre zäher gewesen.}) 21. e5 Rd8 22.
Rd1 Kf7 23. Rdd3 Rb5 24. Rxb5 axb5 25. Kc3 a5 26. Kd4 b4 27. a3 Rc8 28. axb4
axb4 29. Rb3 Rc2 30. f4 Rxg2 31. Rxb4 Rd2+ (31... Rxh2 32. e6+ Kf6 33. Rb8 Rd2+
34. Kc4 Rc2+ 35. Kd3 Rc5 36. Rf8+ Kg7 37. Rf7+ Kh6 {und Weiß gewinnt} 38. Kd4)
32. Kc4 Rc2+ 33. Kd3 Rc7 (33... Rc8 34. Rb7 Ke8 35. Kd4 Ra8 36. h4 h6 37. e6
Ra4+ 38. Kc5 Ra5+ 39. Kc6 Ra8 40. Kc7 {Der aktive König bringt die
Entscheidung.}) 34. Ra4 (34. Rb8 Kg7 35. e6 h6 36. Kd4 Ra7 37. Re8 g5 38. Ke5 {
Weiß gewinnt. Matthias entscheidet sich dafür zu lavieren und Schwarz die
unangenehme Aufgabe zu übertragen seine passive Stellung zusammenzuhalten.})
34... h6 35. e6+ Kf6 36. Ra8 g5 37. Rf8+ Kg6 38. fxg5 hxg5 39. Rf7 Ra7 40. Kd4
f4 41. Ke5 Rb7 42. Kd4 Rc7 43. h3 {Diagramm [#] Diagramm # Matthias spielt auf
Zugzwang.} f3 $2 {Erst nach diesem sinnlosen Zug ist die Partie für Schwarz
endgültig verloren.} (43... Ra7 44. Kc5 Rc7+ 45. Kb6 Rc4 46. Rxe7 f3 47. Rf7
Rf4 48. Rxf4 gxf4 49. Kc7 Kf6 50. Kd8 f2 51. e7 f1=Q 52. e8=Q f3 53. Qe6+ Kg7
54. Qg4+ {mit einem besseren Damenendspiel für Weiß}) 44. Rxf3 Rc1 45. Rf8 Rh1
46. Kc4 Rd1 47. Kc5 Rc1+ 48. Kb6 Rb1+ 49. Kc6 Rd1 50. Rf3 Rd2 51. Rf7 Rc2+ 52.
Kb5 Rd2 53. Kc4 Rc2+ 54. Kd3 Rc5 55. Kd4 Rc7 56. Ke5 Rb7 57. Rxe7 Rxe7 58. d6
Ra7 59. d7 Ra8 60. e7 1-0

[Event "Accentus Young Masters"]
[Site "Bad Ragaz"]
[Date "2016.04.09"]
[Round "4.3"]
[White "Bluebaum, Matthias"]
[Black "Studer, Noel"]
[Result "1-0"]
[WhiteElo "2628"]
[BlackElo "2438"]
[Annotator "Matthias Krallmann"]
[PlyCount "93"]
[EventDate "2016.??.??"]
[SourceDate "2015.04.14"]

1. d4 e6 2. c4 Nf6 3. Nf3 d5 4. Nc3 Nbd7 5. Bg5 h6 6. Bh4 Be7 7. Qc2 O-O 8.
cxd5 exd5 9. e3 Nb6 10. Bd3 Be6 11. O-O Rc8 12. Nd2 Re8 13. Nb3 Nc4 {[#]} 14.
Bxf6 Bxf6 15. Bxc4 dxc4 16. Nc5 Bd5 17. Qf5 Bc6 18. N5e4 Be7 19. a4 a6 20. a5
Bb4 21. Nd2 Re6 22. Rfd1 Rf6 23. Qh3 Rg6 24. e4 Bd7 25. Qe3 Bg4 26. Rdc1 Rd6
27. d5 b5 28. b3 (28. axb6 cxb6 29. Rxa6 Bc5 30. Qg3 Rg6 $44) 28... cxb3 29.
Nxb3 c5 30. h3 Bd7 31. Na2 Ba3 {[#] In komplizierter Stellung bringt Matthias
ein postitionelles Qualitätsopfer, ein strategisches Mittel, dessen er sich
sehr häufig bedient und das er ausgezeichnet beherrscht.} 32. Nxc5 Bxc1 33.
Nxc1 f5 (33... Rc7 34. N1d3 Bc8 35. Nb4 $44) 34. f3 (34. Nb7 Qe7 35. Nxd6 Qxd6
36. Nd3 fxe4 37. Qxe4 Re8 38. Qd4 $16) 34... Rg6 35. N1d3 Qh4 $2 (35... fxe4
36. Ne5 Qe8 37. Ncxd7 Rc2 38. g4 exf3 39. Qxf3 Rd6 40. Rf1 $14) 36. Nf4 $18 {
[#]} Rg3 $2 (36... Rd6 37. e5 Qe7 38. Nb7 $18) 37. Nxd7 Rc2 38. Rc1 Rxf3 39.
Rxc2 {[#]} (39. gxf3 Qg3+ 40. Kf1 Rxc1+ 41. Qxc1 Qxf3+ 42. Kg1 $18) 39... Rxe3
40. Rc8+ Kf7 41. Rf8+ Ke7 42. Ng6+ Kxd7 43. Nxh4 fxe4 44. Rf7+ Ke8 45. Ra7 Rd3
46. Rxa6 Rxd5 47. Re6+ 1-0

[Event "Accentus Young Masters"]
[Site "Bad Ragaz"]
[Date "2016.04.10"]
[Round "5.4"]
[White "Keymer, Vincent"]
[Black "Bluebaum, Matthias"]
[Result "0-1"]
[WhiteElo "2352"]
[BlackElo "2628"]
[Annotator "Matthias Krallmann"]
[PlyCount "80"]
[EventDate "2016.??.??"]
[SourceDate "2015.04.14"]

1. d4 Nf6 2. c4 e6 3. Nf3 d5 4. Nc3 c6 5. e3 Nbd7 6. Qc2 Bd6 7. Bd3 dxc4 8.
Bxc4 b5 9. Be2 O-O 10. O-O a6 11. e4 e5 12. Rd1 Qc7 13. h3 Re8 14. dxe5 Nxe5
15. Bg5 Nxf3+ 16. Bxf3 Nd7 17. Qd2 Bc5 {[#]} 18. Be3 $146 (18. a3 Ne5 19. Be2
Qa7 20. Bh4 a5 21. Bg3 f6 22. Rac1 Be6 $11 {1/2-1/2 Arsovic,G (2437)-Kosic,D 
(2511)/ Banja Koviljaca 2002/CBM 089 (43)}) 18... Bxe3 19. Qxe3 Bb7 20. Rac1 c5
21. a4 Bc6 22. axb5 axb5 23. Bg4 c4 24. Bxd7 Bxd7 25. Nd5 Qb7 {[#]} 26. Qg3 (
26. Nb6 Rad8 27. Qd4 Rxe4 28. Qd5 Qxb6 29. Qxe4 $16) 26... Red8 27. Qd6 Be8 28.
Ne7+ Kh8 29. Qc5 (29. Qe5 f6 30. Qe6 Bd7 31. Qd5 Qxd5 32. Nxd5 $11) 29... Qxe4
{[#]} 30. Nc8 $2 (30. Nd5 h6 31. Re1 Qh7 32. Nf6 gxf6 33. Qf8+ Qg8 34. Qxh6+
Qh7 35. Qf8+ $11) 30... Rxd1+ 31. Rxd1 h6 $17 32. f3 Qe6 33. Rd8 (33. Nd6 Ra2
34. Qd4 f6 $17) 33... Kh7 34. Kh2 Bd7 $19 35. Rxd7 Qxd7 36. Nb6 Qa7 37. Qf5+ g6
38. Qe4 Qc7+ 39. f4 Rd8 40. Nd5 Qc6 {Die Partie war nicht so klar wie man es
vermuten könnte, wenn der Turniersieger gegen den punktlosen Tabellenletzen
spielt. Der gute Vincent wurde in diesem Turnier unter Wert geschlagen.} 0-1

[Event "Quick-Step Findorff"]
[Site "?"]
[Date "2012.04.28"]
[Round "3"]
[White "JUNG, Gerald"]
[Black "STEINGRAEBER, Kai-Uwe"]
[Result "1-0"]
[WhiteElo "1890"]
[BlackElo "2020"]
[Annotator "Gerald Jung"]
[PlyCount "61"]
[EventDate "2012.??.??"]
[SourceDate "2015.04.14"]

1. e4 e5 2. Nf3 Nc6 3. Nc3 Nf6 4. Nxe5 {[#]} Nxe5 5. d4 Ng6 6. e5 Ng8 7. Bc4 d6
$6 (7... d5 $1 8. Bxd5 c6 9. Bb3 Bb4 {Dies wird von vielen Analytikern als
"das Beste" für Schwarz angesehen ! Vgl. in der KEISER-Studie ab S.31 :-)} 10.
O-O Bxc3 11. bxc3 N8e7 12. f4 h5 13. c4 Be6 14. Ba3 Qa5 15. Bd6 Nf5 16. d5 cxd5
17. cxd5 Bd7 18. c4 Nxd6 19. exd6 Qc5+ 20. Kh1 O-O-O 21. Qd3 Nh4 22. f5 {
Kolosowski,M (2249)-Klim,K (2256)/Chotowa 2009/EXT 2011/0-1}) (7... c6 8. Qe2
b5 9. Bb3 Bb4 10. O-O Bxc3 11. bxc3 N8e7 12. f4 O-O 13. c4 bxc4 14. Bxc4 d5 15.
Bd3 Bf5 16. g4 Bxd3 17. Qxd3 f5 18. exf6 Rxf6 19. f5 Nh8 20. g5 Rf7 21. Ba3 Nc8
22. Qg3 {Go,B (2124)-Timmermans,I (2232)/Amsterdam 2011/CBM 143 Extra/0-1}) 8.
Qf3 Be6 9. Qxb7 dxe5 $146 (9... Rb8 10. Bb5+ Bd7 11. Bxd7+ Kxd7 12. Qxa7 dxe5
13. dxe5 Nxe5 14. Bf4 Bd6 15. Bxe5 Bxe5 16. O-O-O+ Bd6 17. Rxd6+ Kxd6 18. Rd1+
Kc6 19. Qa6+ Kc5 20. Ne4+ {1-0 Bagatsch,T (2125)-Hess,J/Germany 2005} Kb4 21.
a3#) (9... N8e7 10. Nb5 Rc8 11. d5 Nxe5 12. dxe6 Nxc4 13. Nxa7 $15) (9... Bxc4
10. Qc6+ Ke7 11. exd6+ cxd6 12. Qxc4 Rb8 (12... Qd7 13. Nd5+ Kd8 14. Bd2 Rc8
15. Ba5+ Ke8 16. Nc7+ Kd8 17. Nd5+ $11) (12... Qc8 13. Qa4 Kd8 14. O-O Be7 15.
Bd2 Nf6 16. Rae1 Qd7 17. Nb5 Qc6 18. Qa5+ Qb6 19. Qa4 $11) (12... Nf6 13. Bg5
Qc8 14. Bxf6+ gxf6 15. Nd5+ Kd8 16. Qb5 Bh6 17. O-O Rb8 18. Qa5+ Ke8 19. Qxa7
Qb7 20. Rae1+ Kf8 21. Qxb7 Rxb7 22. Nxf6 Ne7 (22... Rxb2 $2 23. Re8+ Kg7 24.
Nh5#) 23. b3 Kg7 24. Ne4 Bf4 25. c4 $16) (12... Kd7 13. O-O Nf6 14. Bg5 Qc7 15.
Qxf7+ Kc8 16. Qe6+ Qd7 17. Qc4+ Kb7 18. Bxf6 gxf6 19. Qb3+ Kc8 20. Nd5 Rb8 21.
Qc3+ Kb7 22. Rae1 $14) (12... Qb8 13. O-O Qb7 14. Re1+ Kd8 15. Bg5+ Nf6 16. g3
Rc8 17. Bxf6+ gxf6 18. Qa4 Bg7 19. Nb5 Rc6 20. Qa5+ Kd7 21. Nxa7 Ra6 22. Qf5+
Kd8 23. Nb5 h5 24. a4 h4 25. Ra3 Qd7 26. Qd3 $13) (12... f6 13. O-O Qd7 14.
Nd5+ Kd8 15. Bd2 Rc8 16. Ba5+ Ke8 17. Rfe1+ N8e7 18. Nc7+ Rxc7 19. Bxc7 d5 20.
Qc5 Kf7 21. c4 Nc6 22. Qb5 Nge7 23. Bf4 a6 24. Qa4 $14) (12... Qe8 13. O-O Kd8
14. Nb5 Qd7 15. Bd2 a5 16. Rfe1 Nf6 17. Qa4 Ne7 18. c4 Kc8 19. Rad1 Nc6 20. Bf4
$14) (12... Qa5 $2 13. Qc6 Re8 14. b4 Qb6 15. Nd5+ Kd8+ 16. Qxe8+ Kxe8 17. Nxb6
axb6 18. a4 d5 19. Bd2 Kd7 20. a5 $18) (12... d5 $6 13. Nxd5+ Kd7 14. O-O Qc8
15. Qd3 N8e7 16. Nc3 Rb8 17. Ne4 Nf5 18. c4 Kd8 19. Rd1 Qd7 20. b3 Be7 21. d5
Nd6 22. Nc3 $16) (12... a6 $6 13. O-O Kd7 14. Qxf7+ Kc8 15. Re1 N8e7 16. a4 Rb8
17. Ra3 Qd7 18. Qc4+ Qc6 19. Qe6+ Kb7 20. d5 Qc8 21. Rb3+ Ka8 22. Rxb8+ Qxb8
23. Ne4 $16) (12... f5 $2 13. O-O Qc8 14. Re1+ Kd8 15. Bg5+ N8e7 16. Qf7 Qd7
17. Nd5 Rb8 18. Re2 h6 19. Qxg6 hxg5 20. Qxg5 Rh6 21. Nxe7 Bxe7 22. Qxg7 Rh4
23. f3 Qe8 24. g3 Rh3 25. Rae1 $18) 13. Bg5+ f6 14. O-O Qc8 15. Rae1+ Kd8 16.
Qa4 Qd7 17. Qa5+ Kc8 18. Bd2 N8e7 19. b3 Kb7 20. Nd5 Qc6 21. Nb4 Qb6 22. Qa4
Nc6 23. d5 Nxb4 24. Be3 $13) 10. Qc6+ (10. Bb5+ Ke7 11. dxe5 $14 a6 (11... f6
12. f4 Qc8 13. Qc6 Rb8 14. O-O Qd7 15. exf6+ Nxf6 16. f5 Qxc6 17. Bxc6 Ne5 18.
Ba4 Bc4 19. Re1 Kf7 20. Rxe5 Ng4 21. Rd5 Bxd5 22. Nxd5 Bc5+ 23. Kf1 Nxh2+ 24.
Ke2 Bd6 25. Bd7 Ng4 26. Be6+ Ke8 27. b3 c6 28. Ne3 $13) (11... Qc8 12. Qc6 Bd7
13. Qe4 c6 14. Bc4 Bf5 15. Qe2 Be6 16. O-O Bxc4 17. Qxc4 Qe6 18. Qa4 f6 19. f4
Nh6 20. Ne4 $13) (11... Rb8 12. Qxa7 f6 13. O-O Kf7 14. Rd1 Qc8 15. Ba6 Ra8 16.
Bxc8 Rxa7 17. Nb5 Bxc8 18. Nxa7 Bg4 19. e6+ Kxe6 20. Re1+ Kd7 21. h3 Bf5 22.
Rd1+ Bd6 23. c4 $14) (11... Nxe5 12. f4 Rb8 13. Qxa7 Rxb5 14. Nxb5 Qd5 15. fxe5
Qxb5 16. Be3 Bg4 17. Qxc7+ Ke8 18. c4 Qb4+ 19. Bd2 Qe7 20. Qc6+ Bd7 21. Qa8+
Qd8 22. Qe4 $16) (11... a5 12. O-O f6 13. exf6+ Nxf6 14. Re1 Rb8 15. Qf3 Rb6
16. Be3 Rxb5 17. Nxb5 Qd5 18. Qxd5 Nxd5 19. Bd2 Kf7 20. Bxa5 $16) (11... h6 $6
12. Qe4 Rc8 13. Be3 c6 14. Rd1 Qc7 15. Ba6 Nxe5 16. Bxc8 Nf6 17. Qd4 Bxc8 18.
O-O Nfd7 19. Rfe1 g5 20. f4 gxf4 21. Qxf4 Bg7 22. Ne4 Kf8 23. Nd6 f6 24. Qg3
Rg8 25. Nf5 $18) 12. Ba4 f6 13. f4 Rb8 14. Qxa6 Qc8 15. Qd3 Nh6 16. O-O Kf7 17.
exf6 gxf6 18. Bb3 Nf5 19. Qxf5 Rxb3 20. Qh5 Bg4 21. Qd5+ Be6 22. Qh5 Bg4 $11)
10... Ke7 $2 (10... Bd7 $5 11. Qd5 Be6 12. Qc6+ (12. Bb5+ $6 Ke7 13. Qc6 (13.
Qe4 f5 14. Qe2 Kf7 15. dxe5 Qd4 16. Be3 Qxe5 17. O-O-O Ba3 18. Qd3 Bc5 19. Rhe1
Nf6 20. Bxc5 Qxc5 21. Qe2 Nf4 22. Qf3 c6 23. Bxc6 Rad8 24. a3 Rxd1+ 25. Rxd1
Rc8 $17) (13. Qxd8+ Rxd8 14. dxe5 Nxe5 15. O-O c6 16. Ba4 Kf6 17. Be3 Bb4 18.
Bb3 Nc4 19. Bxa7 Nxb2 20. Ne4+ Kf5 21. Bb6 Rd7 22. Ng3+ Kg6 23. Rab1 Bxb3 $19)
13... exd4 14. Bg5+ f6 15. O-O-O Ne5 16. Qe4 c6 17. Rxd4 Qc8 18. Qxe5 Kf7 19.
Bxf6 Nxf6 20. Bc4 Bxc4 21. Rxc4 Qb7 22. Ne4 Re8 23. Qf5 Qb5 24. Qf4 Qe5 $17)
12... Bd7 $11 {Ein ernüchterndes Ende einer Gambit-Variante - hier muss im
Vorfeld etwas gefunden werden !}) 11. Bg5+ $18 Nf6 12. O-O-O {[#] Die schwarze
Stellung ist bereits hoffnungslos verloren :} h6 (12... e4 13. Qxe4 h6 14.
Bxf6+ gxf6 $18 15. g4 (15. Rhe1 Bg7 16. d5 f5 17. Qxf5 Kf8 18. dxe6 Qg5+ 19.
Qxg5 hxg5 20. Rd7 fxe6 21. Rxe6 $18) (15. Bxe6 fxe6 16. Qxg6 Kd7 17. Rhe1 Bd6
18. Rxe6 Qg8 19. Rxf6 Qxg6 20. Rxg6 $18) (15. d5 f5 16. Qe1 Kf6 17. dxe6 Bd6
18. Nb5 Kg7 19. Qc3+ Kh7 20. Rhe1 $18) 15... Qd6 16. Qxa8 h5 17. Kb1 Bg7 18.
Qe4 Kd8 19. Bxe6 Qxe6 20. gxh5 Qxe4 21. Nxe4 Rxh5 22. h4 Rxh4 23. Rxh4 Nxh4 24.
Rg1 $18) (12... exd4 13. Rhe1 Qd7 14. Nd5+ Kd8 (14... Ke8 15. Qxa8+ Qd8 16.
Bb5+ c6 17. Bxc6+ Nd7 18. Qxd8#) 15. Qxa8+ Qc8 16. Qxa7 $18) (12... Bxc4 13.
dxe5 (13. Rhe1 Be6 14. dxe5 Nxe5 15. Rxe5 Qxd1+ 16. Kxd1 Rd8+ 17. Kc1 h6 18.
Qxc7+ Ke8 19. Qc6+ Ke7 20. Be3 Ng4 21. Bc5+ Kf6 22. Rxe6+ fxe6 23. Qf3+ Ke5 24.
Qe4+ Kf6 25. Qf4+ Kg6 26. Qxg4+ $18) (13. Qxc4 e4 14. Nxe4 Qd7 15. Nc5 Qf5 16.
Rhe1+ Kd8 17. Bxf6+ gxf6 18. Qb5 Bh6+ 19. Kb1 Ne7 20. Rxe7 Kxe7 21. Re1+ $18)
13... Nxe5 14. Rhe1 Be6 15. Rxe5 Qxd1+ 16. Kxd1 Rd8+ 17. Kc1 h6 18. Qxc7+ Ke8
19. Qc6+ Ke7 20. Be3 Ng4 21. Bc5+ Kf6 22. Rxe6+ fxe6 23. Qf3+ $18) 13. Bxf6+ (
13. dxe5 Nxe5 (13... hxg5 14. exf6+ Kxf6 15. Ne4+ Ke7 16. Rhe1 (16. Bb5 Rh4 17.
Rxd8 Rxe4 18. Rxa8 Re5 19. Rxf8 $18) (16. Rxd8 Rxd8 17. Re1 Rd6 18. Qxc7+ Rd7
19. Qc5+ Kd8 20. Qa5+ Ke8 21. Bb5 $18) (16. Qc5+ Ke8 17. Rxd8+ Rxd8 18. Qc6+
Rd7 19. Bxe6 fxe6 20. Rd1 Ne5 21. Qxe6+ $18) 16... Ne5 17. Qc5+ Ke8 18. Rxd8+
Rxd8 19. Qxe5 Be7 20. Qxg7 $18) 14. Qc5+ Ke8 (14... Qd6 15. Rxd6 cxd6 16. Qc7+
Ned7 17. Nd5+ Ke8 18. Bxf6 gxf6 19. Bb5 Rd8 20. Bxd7+ Rxd7 21. Nxf6+ $18) 15.
Rxd8+ Rxd8 16. Qxe5 hxg5 17. Bb5+ Nd7 18. Nd5 a6 19. Nxc7+ Ke7 20. Nd5+ Ke8 21.
Qxg5 Rc8 22. Bxd7+ Kxd7 23. Nb6+ $18) 13... gxf6 14. dxe5 Nxe5 (14... fxe5 15.
Ne4 Bxc4 16. Rxd8 Rxd8 17. Qxc7+ Rd7 18. Qxc4 $18) 15. Qc5+ (15. Rxd8 $6 Nxc6
16. Rxa8 Bxc4 17. Re1+ Be6 $16) 15... Ke8 16. Rxd8+ Rxd8 17. Bb5+ Nd7 18. Qxc7
Be7 (18... a6 19. Bc6 Rg8 20. Rd1 $18) 19. Re1 (19. Rd1 a6 20. Bc6 Kf8 $18)
19... Rg8 20. g3 (20. Rd1 Rg5 21. Qxa7 Bc5 $18) 20... Rg5 (20... a6 21. Bc4
Bxc4 22. Qxc4 $18) 21. Qf4 (21. f4 $5 Rh5 22. Qxa7 Kf8 $18) 21... Kf8 (21...
Rh5 22. Rxe6 $1 fxe6 23. Qg4 Rxb5 24. Qg6+ Kf8 25. Qxh6+ Kg8 26. Nxb5 $18) 22.
h4 Rg6 (22... Re5 23. Qxh6+ Kg8 24. Re3 $18) 23. Bd3 f5 24. Nb5 (24. Bxf5 Bxf5
25. Qxf5 Nf6 $18) 24... Kg7 (24... Rf6 25. Nxa7 Nc5 26. Bb5 $18) 25. Nd6 (25.
Bxf5 Rf6 26. Nd4 Nc5 $18) 25... Bxd6 (25... Nf6 26. Nxf5+ Bxf5 27. Rxe7 Bxd3
28. Qc7 $18) 26. Qxd6 Rc8 {[#]} (26... Rf6 27. Qe7 Ra8 28. Rxe6 Rxe6 29. Qxd7
$18) 27. Rxe6 $1 Rxe6 (27... fxe6 28. Qd4+) (27... Rxe6 28. Qd4+) 28. Qxd7 Rce8
29. Qxa7 Re1+ 30. Kd2 R1e7 (30... R1e6 31. Qd4+ Rf6 32. Bxf5 $18) 31. Qd4+ (31.
Qd4+ Kg8 32. Bxf5 $18) 1-0